000 02154cam a22004934i 4500
003 PE-LiUPU
005 20250731173419.0
008 150706s2006 ag a r 000 0 spa d
020 _a9789875571327
035 _a(Sirsi) i9789875571327
040 _aPE-LiUPU
_bspa
_cPE-LiUPU
_erda
049 _aPRUA
082 0 4 _a253.7
_bS78
_221
100 1 _aStanley, Andy,
_eautor.
245 1 0 _a5 Llaves para liderar grupos /
_cAndy Stanley y Bill Willits.
246 3 _aCinco llaves para liderar grupos
264 1 _aBuenos Aires :
_bPeniel,
_c2006.
300 _a171 páginas :
_bilustraciones ;
_c21 centímetros
336 _atext
_2rdacontent
337 _aunmediated
_2rdamedia
338 _avolume
_2rdacarrier
505 0 _aLa gente necesita comunidad -- Encuentre su palabra -- No todo es bueno -- La divina comunidad -- Los líderes necesitan claridad -- Defina la meta -- Defina madurez espiritual -- Decida adónde va la gente -- Las iglesias necesitan una estrategia -- Encuentre su palabra -- Escoja su estrategia -- Cierre la puerta -- La conexión necesita simplicidad -- Cree pasos -- Hágalos sencillos -- Pruebe antes de comprar -- Los procesos necesitan realidad -- Sea realista -- Entrene menos para más -- Predispóngase para el éxito.
526 _aSEG42
526 _aSEG41
526 _aSEG40
526 _aSEG39
526 _aP94
526 _aP87
526 _aP86
526 _aP85
526 _aP77
526 _aP76
526 _aP35
541 _g001-0000580;
650 0 4 _aGrupos pequeños
_xBautistas.
700 1 _aWillits, Bill,
_eautor.
700 1 _aHandley, Karin,
_etr.
910 _agl
_bjv
_clch
_d20120618
942 _2ddc
_cBOOK
949 _a253.7 S78
_wDEWEY
_c1
_i64893
_lCCODEBUL1
_mBUL
_p13.00
_r0
_sY
_tBOOK
_u2015-7-6
_xTEOLOGIA
_PP35
_o.STAFF. Colección General
994 _aC0
_bPEPRU
596 _a1
999 _a253.7 S78
_wDEWEY
_c53602
_i64893
_d53602
_e2016-5-15
_f2021-11-12
_g5
_lCCODEBUL1
_mBUL
_n3
_p13.00
_q1
_r0
_sY
_tBOOK
_u2015-7-6
_xTEOLOGIA
_PP35
_0COMPRA
_o.STAFF. Colección Teología
980 _81
_gALBERTO SANCHEZ Responsable de Automatización